Personalidades históricas y famosos - I - Estadísticas

Estadísticas generales
  • Esta prueba ha sido intentada 159 veces
  • La puntuación promedio es 8 de 21
Estadísticas de respuestas
Descripción Respuesta % Correcto
Actual monarca del Reino Unido. Isabel II del Reino Unido
94%
Reina de Castilla que junto a su marido, Fernando de Aragón, son conocidos como los Reyes Católicos. Isabel la Católica
93%
Exjugador español del F.C. Barcelona considerado como uno de los mejores centrocampistas de la historia. Andrés Iniesta
85%
Primer zar de Rusia. Invadió Siberia y creó el primer parlamento ruso. Ivan el Terrible
67%
Ciclista español ganador del Tour de Francia durante cinco años consecutivos. Miguel Induráin
61%
También conocida como la Reina Virgen, esta monarca británica estableció definitivamente la Iglesia de Inglaterra y compartió época con William Shakespeare. Isabel I de Inglaterra
58%
Según el Antiguo Testamento, fue un hijo de Abraham que casi es sacrificado por su propio padre en nombre de Dios. Isaac
55%
Junto con Jeremías, Ezequiel y Daniel, fue uno de los cuatro mayores profetas del Antiguo Testamento. Isaías
49%
Fue uno de los papas medievales más influyentes de la Iglesia Católica. Impulsó la Cuarta Cruzada, terminando con el saqueo de Constantinopla de 1204. Inocencio III
39%
Según el cristianismo, el judaismo y el islam, es el antepasado de los árabes. Ismael
22%
Este vikingo, hijo de Ragnar Lodbrok, es conocido como el "Deshuesado". Junto con sus hermanos conquistó gran parte de Inglaterra. Ivar el Deshuesado
22%
De los raperos más destacados de la historia. Formó parte del grupo N.W.A. y también ha actuado en múltiples películas. Ice Cube
21%
Este mártir y santo del cristianismo es conocido como uno de los primeros padres de la Iglesia. Ignacio de Antioquía
19%
Fue un erudito y arzobispo de Sevilla de la época visigoda. Es venerado como santo por el catolicismo y contado entre los Padres de la Iglesia. Isidoro de Sevilla
18%
Es un militar de Uganda considerado como uno de los dictadores más crueles de la historia. Idi Amin
17%
Este cantante estadounidense es famoso por sus conciertos provocativos y por ser uno de los pioneros para la creación de géneros musicales como el punk rock. Iggy Pop
15%
Este sabio egipcio es conocido como el primer arquitecto de la historia. Imhotep
14%
Este dramaturgo noruego del siglo XIX fue de las figuras más influyentes en el teatro moderno. Henrik Ibsen
12%
También conocido como "el cazador de cocodrilos", esté biólogo australiano murió asesinado por un pez raya mientras grababa un documental. Steve Irwin
12%
Durante el siglo III aC, este rey de los ilergetes (un pueblo íbero), se reveló varias veces contra los romanos. Indíbil
4%
Fue un rey de Wessex de los siglos VII y VIII. Su reinado destaca por la creación de uno de los códigos legislativos anglosajones más importantes. Ine de Wessex
2%
No se encontraron pruebas coincidentes
Distribución de puntuación
Porcentaje de gente con cada puntuación
Porcentaje por número respondido
Historial de tus puntuaciones
No has intentado esta prueba.